2701-阪堺電気軌道の駅 - Statistics

General Stats
  • This quiz has been taken 69 times
  • The average score is 25 of 41
Answer Stats
本線 % Correct
天王寺駅前
98%
恵美須町
88%
新今宮駅前
88%
住吉
87%
住吉
87%
阿倍野
81%
浜寺駅前
75%
我孫子道
73%
住吉鳥居前
69%
松虫
69%
帝塚山三丁目
67%
東天下茶屋
65%
大和川
63%
石津
60%
帝塚山四丁目
60%
北天下茶屋
58%
高須神社
58%
大小路
58%
船尾
58%
今池
56%
東玉出
56%
安立町
56%
石津北
56%
北畠
56%
姫松
56%
東粉浜
54%
宿院
54%
東湊
54%
神ノ木
54%
松田町
52%
聖天坂
52%
細井川
52%
綾ノ町
52%
花田口
52%
寺地町
52%
今船
50%
妙国寺前
50%
御陵前
50%
天神ノ森
48%
塚西
48%
神明町
48%
No matching quizzes found
Score Distribution
Percent of People with Each Score
Percentile by Number Answered
Your Score History
You have not taken this quiz